Részletes növénytermesztés a növénytermesztési szakosítású mezőgazdasági műszaki középiskolák és mesteriskolák tananyaga

Podrobná bibliografia
Hlavný autor: Kuhn, Václav, 1894-1982 (Autor)
Ďalší autori: Kordos, O. (Prekladateľ), Parraghy P (Prekladateľ), Azór, Géza (Prekladateľ), Mayetr J. (Prekladateľ)
Médium: Kniha
Jazyk:maďarčina
čeština
Fyzický popis:558 strán ilustrácie, tabuľky 25 cm
Vydavateľské údaje: V Bratislave Slovenské vydavateľstvo pôdohospodárskej literatúry 1961
Vydanie:Első kiadás
Edícia:Mezőgazdasági tankönyvek
Predmet:

MARC

LEADER 00000cam a2200000 a 4500
001 vtls008314813
003 SK-MaSNL
005 20260301020217.0
008 230403s1961 xo al frnp 000 0 hun
015 |a SNBA1962/02-00245 
020 |q (viazané) 
035 |a SK01SNK19620007030 
035 |a urn:nbn:sk:snk-am3itsc 
035 |a 8C40F8EF-982C-4A51-85EB-4647D64C8176 
035 |a urn:nbn:sk:snk-am00fj3x 
035 |a SKM000009493 
040 |a SNK  |b slo  |c SNK  |e AACR2 
041 1 |a hun  |h cze 
044 |a xo  |c SK 
080 |a 582  |2 2011 
080 |a 633/635  |2 2011 
080 |a (075)  |2 2011 
100 1 |a Kuhn, Václav,  |d 1894-1982  |4 aut  |9 117447 
240 1 0 |a Speciální pěstovaní rostlín  |l Maďarsky 
245 1 0 |a Részletes növénytermesztés  |b a növénytermesztési szakosítású mezőgazdasági műszaki középiskolák és mesteriskolák tananyaga  |c Václav Kuhn ; a cseh nyelvű eredeti mű címe Speciální pěstovaní rostlín fordították Kordos O., Parraghy P., Azór G. és Mayetr J. 
250 |a Első kiadás 
260 |a V Bratislave  |b Slovenské vydavateľstvo pôdohospodárskej literatúry  |c 1961  |e Komárno  |f Západoslovenské tlačiarne 
300 |a 558 strán  |b ilustrácie, tabuľky  |c 25 cm 
366 |e 1500 kusov 
490 1 |a Mezőgazdasági tankönyvek  |v 449. kötet 
650 0 7 |a rastliny  |2 SNKPH  |9 690 
650 0 7 |a pestovanie rastlín  |2 SNKPH  |9 29223 
655 7 |a učebnice  |2 SNKPH  |9 22521 
700 1 |a Kordos, O.  |4 trl  |9 307236 
700 1 |a Parraghy P  |4 trl  |9 307237 
700 1 |a Azór, Géza  |4 trl  |9 307238 
700 1 |a Mayetr J.  |4 trl  |9 307239 
752 |a Slovensko  |d Bratislava 
830 0 |a Mezőgazdasági tankönyvek  |9 307240 
852 |a Slovenská národná knižnica 
954 |a odborná, vedecká literatúra cudzojazyčná (svetová)  |2 lita 
958 |a TL 
958 |a RK 
958 |a OP 
958 |a HU 
958 |a OND 
958 |a EUIPO 
968 |a Mag  |b ČES 
999 |c 562478  |d 564408 
952 |a SNK  |b SNK  |y PREZ  |7 0  |p 17A0842057  |o snkSC 16087  |i snkKSP 253/62  |0 0  |1 0  |4 0  |d 2020-08-06  |f 1  |l 0  |r 2025-07-18 00:00:00  |w 2026-02-23